书目信息 |
| 题名: |
高频电子线路
|
|
| 作者: | 高吉祥 主编 | |
| 分册: | ||
| 出版信息: | 北京 电子工业出版社 2005 |
|
| 页数: | 468页 | |
| 开本: | 24cm | |
| 丛书名: | ||
| 单 册: | ||
| 中图分类: | TN710.2 | |
| 科图分类: | ||
| 主题词: | 高频--电子电路--高等学校--教材 | |
| 电子资源: | ||
| ISBN: | 978-7-121-03803-7 | |
| 000 | 00629nam0 2200217 450 | |
| 001 | 07079000322 | |
| 005 | 20070721140043.82 | |
| 010 | @a978-7-121-03803-7@dCNY38.00 | |
| 100 | @a20060606d2005 ekmy0chiy0110 ea | |
| 101 | 0 | @achi |
| 102 | @aCN | |
| 105 | @ay z 000yy | |
| 200 | 1 | @a高频电子线路@Agao pin dian zi xian lu@f高吉祥主编 |
| 210 | @a北京@c电子工业出版社@d2005 | |
| 215 | @a468页@d24cm | |
| 300 | @a高等学校电子信息与电气学科基础教材 | |
| 606 | 0 | @a高频@x电子电路@x高等学校@j教材 |
| 690 | @aTN710.2@v4 | |
| 701 | 0 | @a高吉祥@Agao ji xiang@4主编 |
| 801 | 0 | @aCN@bTAOJIN@c20070721 |
| 905 | @a10447@dTN710.2@e236 | |
| 高频电子线路/高吉祥主编.-北京:电子工业出版社,2005 |
| 468页;24cm |
| 高等学校电子信息与电气学科基础教材 |
| ISBN 978-7-121-03803-7:CNY38.00 |
| ● |
| 相关链接 |
|
|
|
|
正题名:高频电子线路
索取号:TN710.2/236
 
预约/预借
| 序号 | 登录号 | 条形码 | 馆藏地/架位号 | 状态 | 备注 |
| 1 | 0822372 | 208223723 | 第二样本阅览室/ [索取号:TN710.2/236] | 在馆 | |
| 2 | 0822373 | 208223732 | 第三借阅区/ [索取号:TN710.2/236] | 在馆 | |
| 3 | 0822374 | 208223741 | 第三借阅区/ [索取号:TN710.2/236] | 在馆 | |
| 4 | 0822375 | 208223750 | 第三借阅区/ [索取号:TN710.2/236] | 在馆 | |
| 5 | 0822376 | 208223769 | 第三借阅区/ [索取号:TN710.2/236] | 在馆 |